Štatistická revue Slovenskej republiky

Guardado en:
Detalles Bibliográficos
Formato: Seriadas
Lenguaje:eslovaco
Publicado: Bratislava Štatistický úrad Slovenskej republiky 2001
Materias:
Etiquetas: Agregar Etiqueta
Sin Etiquetas, Sea el primero en etiquetar este registro!

MARC

LEADER 00000nas2a22000001 4500
001 0007323
005 20160720112017.5
041 0 |a slo 
044 |a SK 
245 1 0 |a Štatistická revue Slovenskej republiky 
264 1 |a Bratislava  |b Štatistický úrad Slovenskej republiky  |c 2001 
300 |a 1 zv. 
773 0 |w eu_un_cat*s120242 
610 2 0 |a štatistika 
610 2 0 |a údaje štatistické 
610 2 0 |a ukazovatele NH